Virus máy tính & thủ thuật phòng chống /

保存先:
書誌詳細
第一著者: Nguyễn Thiên Sơn
その他の著者: Đoàn Ngọc Đăng Linh
フォーマット: Sách giấy
言語:Vietnamese
出版事項: H. : Thanh niên, 2006
主題:
タグ: タグ追加
タグなし, このレコードへの初めてのタグを付けませんか!
Thư viện lưu trữ: Thư viện Trường Đại học Đà Lạt
LEADER 00838nam a2200313 4500
001 DLU070060827
005 ##20071001
040 # # |a DLU  |b vie 
041 # # |a vie 
044 # # |a vn 
082 # # |a 005.84  |b NG-S 
100 # # |a Nguyễn Thiên Sơn 
245 # # |a Virus máy tính & thủ thuật phòng chống /  |c Nguyễn Thiên Sơn, Đoàn Ngọc Đăng Linh 
246 # # |a Virút máy tính và thủ thuật phòng chống 
260 # # |a H. :  |b Thanh niên,  |c 2006 
300 # # |a 120 tr.:  |b minh hoạ ;  |c 19 cm. 
653 # # |a Diệt virút 
653 # # |a Virút máy tính 
700 # # |a Đoàn Ngọc Đăng Linh 
923 # # |a 19/2007 
992 # # |a 15000 
994 # # |a DLU 
900 # # |a True 
911 # # |a Nguyễn Thanh Hương 
925 # # |a G 
926 # # |a A 
927 # # |a SH 
980 # # |a Thư viện Trường Đại học Đà Lạt